000 00496nam a2200193Ia 4500
001 65863
008 230206n ii |||gr||||Z||||||346
020 _a978-93-81684-39-9
082 _a891.44
100 _aHalder, Gopal.
245 0 _asanskritir rupantar
_cBy Gopal Halder
_hTextual Documents
250 _aRev Edn.
260 _aClacutta:
_bPragya Bikas,
_c2019.
300 _a191pg:
_c23cm.
653 _aBengali
653 _aBengali Literature
653 _aG-Bengali
942 _2ddc
_cBK
999 _c66956
_d66956